European paintings from the Gulbenkian Collection (Record no. 7299)

MARC details
000 -CABECERA
campo de control de longitud fija 00838nam a2200253 a 4500
001 - NÚMERO DE CONTROL
campo de control BRCA_7625
005 - FECHA Y HORA DE LA ÚLTIMA TRANSACCIÓN
campo de control 20190320205921.0
008 - DATOS DE LONGITUD FIJA--INFORMACIÓN GENERAL
campo de control de longitud fija 090713s1951----u--a######---#000-0#eng-#
041 ## - CÓDIGO DE LENGUA
Código de lengua del texto/banda sonora o título independiente eng
044 ## - CÓDIGO DEL PAÍS DE LA ENTIDAD EDITORA/PRODUCTORA
Código MARC del país u
050 #4 - SIGNATURA TOPOGRÁFICA DE LA BIBLIOTECA DEL CONGRESO
Número de clasificación ND450
Número de documento/Ítem .E97 1951
245 10 - MENCIÓN DE TÍTULO
Título European paintings from the Gulbenkian Collection
Mención de responsabilidad, etc. National Gallery of Art ; introduction by John Walker.
260 ## - PUBLICACIÓN, DISTRIBUCIÓN, ETC.
Lugar de publicación, distribución, etc. Washington, D. C.
Nombre del editor, distribuidor, etc. Smithsonian Institution
Fecha de publicación, distribución, etc. 1951
300 ## - DESCRIPCIÓN FÍSICA
Extensión 93 p.
Otras características físicas il., 40 láminas
Dimensiones 23 cm.
500 ## - NOTA GENERAL
Nota general T34
650 14 - PUNTO DE ACCESO ADICIONAL DE MATERIA--TÉRMINO DE MATERIA
Término de materia o nombre geográfico como elemento de entrada Pinturas europeas
Subdivisión de forma Exposiciones
9 (RLIN) 10739
650 14 - PUNTO DE ACCESO ADICIONAL DE MATERIA--TÉRMINO DE MATERIA
Término de materia o nombre geográfico como elemento de entrada Coleccionistas y colecciones
9 (RLIN) 18809
650 14 - PUNTO DE ACCESO ADICIONAL DE MATERIA--TÉRMINO DE MATERIA
Término de materia o nombre geográfico como elemento de entrada Pinturas
Subdivisión general Colecciones particulares
9 (RLIN) 10387
650 14 - PUNTO DE ACCESO ADICIONAL DE MATERIA--TÉRMINO DE MATERIA
Término de materia o nombre geográfico como elemento de entrada Galerías y museos
Subdivisión geográfica Estados Unidos
9 (RLIN) 7437
700 1# - PUNTO DE ACCESO ADICIONAL--NOMBRE DE PERSONA
Nombre de persona Walker, John
Término indicativo de función/relación intr.
9 (RLIN) 12342
710 2# - PUNTO DE ACCESO ADICIONAL--NOMBRE DE ENTIDAD CORPORATIVA
Nombre de entidad corporativa o nombre de jurisdicción como elemento de entrada National Gallery of Art
9 (RLIN) 18810
902 ## - CATALOGADOR
Iniciales GFM
942 ## - ELEMENTOS DE PUNTO DE ACCESO ADICIONAL (KOHA)
Fuente del sistema de clasificación o colocación Library of Congress Classification
Tipo de ítem Koha Libros
Holdings
Estado de retiro Estado de pérdida Estado dañado No para préstamo Localización permanente Ubicación/localización actual Fecha de adquisición Número de inventario Total de préstamos Signatura topográfica completa Código de barras Fecha visto por última vez Precio válido a partir de Tipo de ítem Koha
El ejemplar forma parte de la colección y puede ser consultado según las políticas vigentes.       Biblioteca del Museo Franz Mayer (Rogerio Casas-Alatriste) Biblioteca del Museo Franz Mayer (Rogerio Casas-Alatriste) 08/07/2013 T34   ND450 .E97 1951 (T34) 8233 22/03/2019 22/03/2019 Libros